| 000 | 00700nam a2200229Ia 4500 | ||
|---|---|---|---|
| 003 | GCL | ||
| 008 | 140319s9999 xx 000 0 ara d | ||
| 040 |
_aGCL / _cGCL |
||
| 082 | 0 | 4 |
_a811.3 _bك ف |
| 100 | 1 | _aكمال ابومصلح | |
| 245 | 1 | 0 |
_aالفرزدق: حياته وشعره / _cكمال ابومصلح |
| 700 | 1 | _aاحمد الاسكندرى | |
| 700 | 1 | _aابوفرج الاصفهانى | |
| 300 | _a272 ص | ||
| 490 |
_a100 قصة _v0 |
||
| 650 | 0 | 4 | _aالادب العربى |
| 650 | 0 | 4 | _aالشعراء العرب |
| 650 | 0 | 4 | _aالشعر العربى - تاريخ ونقد |
| 650 | 0 | 4 | _aالفرزدق |
| 650 | 0 | 4 | _aالشعر العربى - تاريخ |
| 942 |
_2ddc _cBK |
||
| 999 |
_c46722 _d46722 |
||